LEADER 01262nam a2200277 4500 001 000000349314 003 CaOOAMICUS 005 20220228104812.0 008 220201s1992 it 000 u ita r 040 $aSeMil$bita 100 1 $aPoe, Edgar Allan,$d<1809-1849>.$0(OLS)http://semarc/name/7092 245 10$aRacconti del terrore /$cEdgar Allan Poe. 264 1$aRoma :$bTascabili Economici Newton,$c1992. 300 $a95 p. ;$c20 cm 490 1 $aCentopaginemillelire ;$v18 500 $aContiene: Il gatto nero; La caduta della Casa Usher; La sepoltura prematura; Il cuore rivelatore; Una discesa nel Maelström; Il manoscritto trovato in una bottiglia; Il pozzo e il pendolo 541 0 $aOmaggio card. Angelo Scola (1T I 14) 650 4$aPoe, Edgar Allan <1809-1849> - Opere.$0(OLS)http://semarc/subject/51722 830 0$aCentopaginemillelire ;$v18.$0(OLS)http://semarc/title/20358 850 $aSeMil 852 $aSeMil$W1$xVenegono$y1$m1T I 14$j231911$B240374$CSeMilBibl$Z2$F240374 $81 941 1 $a6 961 $aOmaggio card. Angelo Scola 996 $6245$aRacconti del terrore$9(OLS)http://semarc/title/305651 996 $6264$aRoma :$bTascabili Economici Newton$9(OLS)http://semarc/publisher/35030 LEADER 00847nam a2200193 i 4500 001 000000215674 003 CaOOAMICUS 005 20120903000000.0 008 120903s1782 it u000 u ita u 013 $a194549 026 $ai,c- 1.2. t.r- Enbi (3) 1782 (R) 040 $aSeMil$bita 245 10$aTomo 10. 300 $a408 p. 500 $aSegn. : A-2B8 2C4. 773 0 $aBergier, Nicolas-Sylvestre <1718-1790>$tTrattato storico, e dogmatico della vera religione, colla confutazione degli errori, che le sono stati opposti ne'differenti secoli. Del signor abbate Bergier ... Traduzione dal francese ... Tomo 1. [-12.].$dIn Venezia : Presso Gio: Antonio Pezzana, 1782.$g10$w()15880 850 $aSeMil 852 $aSeMil$W1$xVenegono$y1$m2B II 91 FA$j166094$B166094$CSeMilBibl$Z2$F177042 $8I 996 $6245$aTomo 10$9(OLS)http://semarc/title/194414